01609nam a22002657a 4500003000900000008004100009020001800050040007100068082001800139245016700157260008400324300002600408440004800434505063400482650002101116650002401137650002701161650002601188650001101214650001201225650001201237700002301249700002901272710004201301AR-CdUCM190227b ||||| |||| 00| 0 spa d a9786124121074 aMUNICIPALIDAD PROVINCIAL DEL CUSCOcBIBLIOTECA MUNICIPAL DEL CUSCO a376.54 /bV38 aAnales Seminario Internacional Desarrollo territorial y extractivismo :bluchas y alternativas en la Región Andina /cNicoletta Velardi y Marco Zeisser Polatsik aCusco :bCentro de Estudios Regionales Andinos Bartolomé de Las Casas,c2012. a267 paginas ;c23 cm. aEstudios y debates regionales andinosn3111 aContenido: Estrategias indígenas, gobernanza territorial e industrias extractivas en la Amazonía peruana: El acta de Dorissa en el río Corrientes y la propuesta de Zonificación Ecológica y Económica en Datem del Marañón (Anahi Chaparro y Martín Scurrah) -- Apurímac, la gestión del territorio y la mineria (Jaime Consiglieri) -- Tambogrande, mangos, muerte, mineria (Stephanie Boyd) -- Resistencia de territorios y movilización social panorama nacional del Perú (Marco Arana) -- Del extractivismo al Sumak Qawsay (Ángel Bonilla) -- Suma Qamaña, lo que se maneja como Buen Vivir (Simón Yampara) ... aIndustria minera aDesarrollo regional aComunidades campesinas aDesarrollo Sostenible aPerú aBolivia aEcuador aVelardi, Nicoletta aZeisser Polastsik, Marco aAcción Solidaria para el Desarrollo